000 00519nam a2200169Ia 4500
008 240729s9999 xx 000 0 und d
022 _a2578-2568
245 0 _aJournal of Communication Pedagogy
260 _aUnited States
260 _bCentral States Communication Association
650 _a Communication. Mass media | Education
650 _a Philology. Linguistics
650 _aLanguage and Literature
856 _uhttps://doaj.org/toc/65258b75693048d89f1fa0e4113616f2
942 _2ddc
942 _cDOAJEJ
999 _c69329
_d69329
945 _a1
_bMadushi Gamage
_c1
_dMadushi Gamage